Earth talk, English edition

Detalles Bibliográficos
Formato: Electrónico Periódico
Lenguaje:inglés
Publicado: Westport, Connecticut : Earth Action Network
Materias:
Acceso en línea:Full text available from Research Library: 01/07/2007 to present

MARC

LEADER 00000nas a2200000 i 4500
001 ssj0001071855
003 WaSeSS
005 20200512172242.0
006 m d
007 cr n
008 131213c20uu9999ctuw| n|s|||||| |0eng d
035 |a (WaSeSS)ssj0001071855 
040 |a WaSeSS  |b eng  |c WaSeSS  |d WaSeSS 
050 1 4 |a TD169 
245 0 0 |a Earth talk, English edition  |h [electronic resource]. 
260 |a Westport, Connecticut :  |b Earth Action Network 
310 |a Weekly 
506 |a License restrictions may limit access. 
588 |a Description based on: January 7, 2007; title from title screen (ProQuest, viewed Dec. 13, 2013). 
588 |a Latest issue consulted: December 1, 2013 (viewed Dec. 13, 2013). 
650 0 |a Environmental protection  |v Newspapers. 
650 0 |a Environmental engineering  |v Newspapers. 
655 0 |a Electronic journals. 
856 4 0 |z Full text available from Research Library: 01/07/2007 to present  |u https://search.proquest.com/publication/51437